Apertura financiera, paridad móvil y tipo de cambio real (Registro nro. 15136)

Detalles MARC
000 -LEADER
fixed length control field 00335 a2200109 4500
001 - CONTROL NUMBER
control field ART_17833
005 - DATE AND TIME OF LATEST TRANSACTION
control field 20260410161700.0
008 - FIXED-LENGTH DATA ELEMENTS--GENERAL INFORMATION
fixed length control field 260409a
100 1# - MAIN ENTRY--PERSONAL NAME
Personal name Calvo, Guillermo A.
245 10 - TITLE STATEMENT
Title Apertura financiera, paridad móvil y tipo de cambio real
773 0# - HOST ITEM ENTRY
Title Ensayos Económicos
Related parts - Nº 16 (dic. 1980)
Record control number REV620

No hay ítems disponibles.